00286nam a22001217a 4500020001800000082001200018100001200030245004300042250000600085260002200091300000800113650004300121 a9788131723258 a543 VOG aVogel's aVogel's Quantitative Chemical Analysis a6 aNew YorkbPearson a790 aChemistryaChemicalaChemical Analysis